[Event "EICC 2017"]
[Site "Minsk"]
[Date "2017.05.30"]
[Round "1"]
[White "Belous, Mikhail"]
[Black "Erdos, Viktor"]
[Result "0-1"]
[WhiteElo "2340"]
[BlackElo "2614"]
[Annotator "TA"]
[PlyCount "75"]
[EventDate "2017.??.??"]
[EventCountry "BLR"]
[SourceTitle "playchess.com"]
[Source "ChessBase"]
[SourceQuality "1"]

1. d4 Nf6 2. c4 g6 3. Nc3 d5 4. cxd5 Nxd5 5. e4 Nxc3 6. bxc3 Bg7 7. Bc4 c5 8. Ne2 Nc6 9. Be3 O-O 10. O-O Bg4 11. f3 Bd7 12. Rb1 Qc7 13. Qd2 Rad8 14. Rfc1 Bc8 15. h4 Na5 16. Bd3 f5 17. Bh6 e5 18. exf5 gxf5 19. Bg5 Rd7 20. h5 f4 21. Qc2 h6 22. Bh4 b6 23. Bf2 Nb7 24. Be4 Re7 25. Bxb7 Bxb7 26. dxc5 e4 27. cxb6 axb6 28. Bxb6 Qc8 29. Nd4 exf3 30. gxf3 Re5 31. Qh2 Qe8 32. Kf1 Qf7 33. Kf2 Rxh5 34. Qg2 Rg5 35. Qh3 Qxa2+ 36. Nc2 Rg3 37. Qd7 Rxf3+ 38. Ke1 0-1

[Event "EICC 2017"]
[Site "Minsk"]
[Date "2017.05.31"]
[Round "2"]
[White "Edouard, Romain"]
[Black "Sanikidze, Tornike"]
[Result "1/2-1/2"]
[WhiteElo "2640"]
[BlackElo "2518"]
[Annotator "TA"]
[PlyCount "29"]
[EventDate "2017.??.??"]
[EventCountry "BLR"]
[SourceTitle "playchess.com"]
[Source "ChessBase"]
[SourceQuality "1"]

1. Nf3 Nf6 2. c4 e6 3. g3 d5 4. Bg2 dxc4 5. Qa4+ Nbd7 6. Qxc4 a6 7. Qc2 c5 8. O-O b5 9. Ne5 Nd5 10. Nxd7 Qxd7 11. a4 Bb7 12. axb5 axb5 13. Rxa8+ Bxa8 14. Nc3 Nb4 15. Qb1 1/2-1/2

[Event "EICC 2017"]
[Site "Minsk"]
[Date "2017.05.31"]
[Round "2"]
[White "Andriasian, Zaven"]
[Black "Jurcik, Marian"]
[Result "1/2-1/2"]
[WhiteElo "2622"]
[BlackElo "2501"]
[Annotator "TA"]
[PlyCount "36"]
[EventDate "2017.??.??"]
[EventCountry "BLR"]
[SourceTitle "playchess.com"]
[Source "ChessBase"]
[SourceQuality "1"]

1. e4 c5 2. Nf3 d6 3. d4 cxd4 4. Nxd4 Nf6 5. Nc3 a6 6. Be3 e5 7. Nf3 Be7 8. Bc4 O-O 9. O-O Nc6 10. Qe2 Na5 11. Bb3 h6 12. Rfd1 Nxb3 13. axb3 Qe8 14. Nd2 b5 15. Nxb5 Bg4 16. f3 Qxb5 17. Qxb5 axb5 18. fxg4 Nxg4 1/2-1/2

[Event "EICC 2017"]
[Site "Minsk"]
[Date "2017.05.31"]
[Round "2"]
[White "Pantsulaia, Levan"]
[Black "Minko, Vladimir"]
[Result "1/2-1/2"]
[WhiteElo "2594"]
[BlackElo "2438"]
[Annotator "TA"]
[PlyCount "67"]
[EventDate "2017.??.??"]
[EventCountry "BLR"]
[SourceTitle "playchess.com"]
[Source "ChessBase"]
[SourceQuality "1"]

1. c4 e6 2. Nf3 d5 3. b3 c5 4. e3 d4 5. exd4 cxd4 6. g3 Nc6 7. Bg2 Nf6 8. O-O h6 9. Re1 Bd6 10. Bb2 Qb6 11. Ba3 Bxa3 12. Nxa3 Qc5 13. Qc1 d3 14. Qb2 O-O 15. Ne5 Nxe5 16. Rxe5 Qb6 17. c5 Qc7 18. Nb5 Qe7 19. Rc1 Ng4 20. Ree1 Bd7 21. Nd6 Bc6 22. Qd4 Qg5 23. Qxd3 Qh5 24. h3 Bxg2 25. Kxg2 Qxh3+ 26. Kf3 Qh5 27. Qe2 b6 28. d4 e5 29. dxe5 bxc5 30. Kg2 Qh2+ 31. Kf3 Qh5 32. Kg2 Qh2+ 33. Kf3 Qh5 34. Ke4 1/2-1/2

[Event "EICC 2017"]
[Site "Minsk"]
[Date "2017.05.31"]
[Round "2"]
[White "Teterev, Vitaly"]
[Black "Melkumyan, Hrant"]
[Result "1/2-1/2"]
[WhiteElo "2487"]
[BlackElo "2613"]
[Annotator "TA"]
[PlyCount "145"]
[EventDate "2017.??.??"]
[EventCountry "BLR"]
[SourceTitle "playchess.com"]
[Source "ChessBase"]
[SourceQuality "1"]

1. Nf3 d5 2. g3 Nd7 3. d4 Ngf6 4. Bg2 g6 5. c4 dxc4 6. Na3 Nb6 7. Ne5 c6 8. Naxc4 Nxc4 9. Nxc4 Be6 10. Qd3 Bg7 11. O-O O-O 12. Rd1 Qc8 13. b3 Rd8 14. Bb2 Ne8 15. Rac1 Nd6 16. Na5 Qc7 17. b4 Qb6 18. a3 Bd5 19. e3 f5 20. Nb3 Re8 21. Ba1 Rad8 22. Nc5 Bxg2 23. Kxg2 e6 24. Qb3 Kf7 25. a4 a6 26. a5 Qb5 27. Rd2 Rc8 28. Kg1 b6 29. axb6 Qxb6 30. Ra2 Ra8 31. Nd7 Qb7 32. Nc5 Qb6 33. Bc3 Nb7 34. Rca1 Bf8 35. Nd7 Qb5 36. Ne5+ Kg8 37. Qc4 Nd6 38. Qxc6 Rac8 39. Qxb5 axb5 40. Be1 Rc7 41. Ra6 Nc4 42. Rc1 Rec8 43. Nd3 Kf7 44. Rca1 Bd6 45. Kf1 g5 46. h3 h5 47. Ra7 g4 48. h4 Rxa7 49. Rxa7+ Rc7 50. Ra6 Ke7 51. Ke2 Kf7 52. f3 gxf3+ 53. Kxf3 Ke7 54. Ra8 e5 55. dxe5 Bxe5 56. e4 Rd7 57. Nc5 fxe4+ 58. Kxe4 Rd1 59. Bf2 Bc3 60. Ra7+ Kf6 61. Nd7+ Ke6 62. Nf8+ Kf6 63. Bc5 Nd6+ 64. Kf3 Rd3+ 65. Ke2 Rd2+ 66. Kf3 Nc4 67. Nh7+ Kf5 68. Rf7+ Kg6 69. Rb7 Kf5 70. Rf7+ Kg6 71. Rb7 Kf5 72. Rf7+ Kg6 73. Ke4 1/2-1/2

[Event "EICC 2017"]
[Site "Minsk"]
[Date "2017.05.31"]
[Round "2"]
[White "Sarana, Alexey"]
[Black "Bogdanovich, Stanislav"]
[Result "1/2-1/2"]
[WhiteElo "2472"]
[BlackElo "2596"]
[Annotator "TA"]
[PlyCount "80"]
[EventDate "2017.??.??"]
[EventCountry "BLR"]
[SourceTitle "playchess.com"]
[Source "ChessBase"]
[SourceQuality "1"]

1. d4 d5 2. c4 dxc4 3. Nf3 Nf6 4. e3 e6 5. Bxc4 c5 6. O-O Nc6 7. Qe2 a6 8. Rd1 Qc7 9. a3 Bd6 10. dxc5 Bxc5 11. b4 Bd6 12. Bb2 Ne5 13. Nbd2 Bd7 14. Rac1 Qb8 15. Nxe5 Bxe5 16. Bxe5 Qxe5 17. Nf3 Qh5 18. Bd3 Ba4 19. Re1 O-O 20. Rc5 Nd5 21. Rc4 Bb5 22. Rh4 Bxd3 23. Qxd3 Qg6 24. Qxg6 hxg6 25. Rc4 Rfc8 26. Rec1 Rxc4 27. Rxc4 Nb6 28. Rc7 Rc8 29. Rxc8+ Nxc8 30. Kf1 Nd6 31. Ne5 g5 32. Ke2 Kf8 33. Kd3 Ke7 34. Nc4 g4 35. Ne5 f5 36. f3 gxf3 37. gxf3 Kf6 38. Nd7+ Ke7 39. Ne5 Kf6 40. Nd7+ Ke7 1/2-1/2

[Event "EICC 2017"]
[Site "Minsk"]
[Date "2017.05.31"]
[Round "2"]
[White "Zarubitski, Viachaslau"]
[Black "Parligras, Mircea-Emilian"]
[Result "1/2-1/2"]
[WhiteElo "2325"]
[BlackElo "2607"]
[Annotator "TA"]
[PlyCount "93"]
[EventDate "2017.??.??"]
[EventCountry "BLR"]
[SourceTitle "playchess.com"]
[Source "ChessBase"]
[SourceQuality "1"]

1. e4 c6 2. Nf3 d5 3. Nc3 Bg4 4. h3 Bxf3 5. Qxf3 Nf6 6. Be2 e6 7. O-O dxe4 8. Nxe4 Be7 9. c3 Nbd7 10. d4 O-O 11. Bf4 Nxe4 12. Qxe4 Nf6 13. Qc2 Nd5 14. Bh2 Bd6 15. Bxd6 Qxd6 16. Bf3 Rfd8 17. Rfe1 Rd7 18. Re5 Rad8 19. Rae1 Nf6 20. Qa4 a6 21. Qa5 Qb8 22. g3 Rd6 23. Kg2 Qc8 24. R5e2 Nd7 25. Qg5 b6 26. Qf4 Nf6 27. Re5 Nd5 28. Bxd5 Rxd5 29. Rxd5 cxd5 30. Re3 b5 31. h4 a5 32. a3 Qb8 33. Qg4 Qd6 34. h5 h6 35. f4 Qd7 36. Re5 b4 37. axb4 axb4 38. f5 exf5 39. Qxf5 Qxf5 40. Rxf5 bxc3 41. bxc3 Kf8 42. Re5 Rc8 43. Kf3 Rxc3+ 44. Kf4 g5+ 45. hxg6 fxg6 46. Rxd5 Ke7 47. Ke4 1/2-1/2

[Event "EICC 2017"]
[Site "Minsk"]
[Date "2017.06.01"]
[Round "3"]
[White "Rodshtein, Maxim"]
[Black "Lopez Martinez, Josep Manuel"]
[Result "1-0"]
[WhiteElo "2698"]
[BlackElo "2597"]
[Annotator "TA"]
[PlyCount "131"]
[EventDate "2017.??.??"]
[EventCountry "BLR"]
[SourceTitle "playchess.com"]
[Source "ChessBase"]
[SourceQuality "1"]

1. d4 Nf6 2. c4 e6 3. g3 d5 4. Bg2 Bb4+ 5. Nd2 O-O 6. Ngf3 b6 7. O-O Bb7 8. Ne5 Nbd7 9. Qa4 Bxd2 10. Bxd2 Nxe5 11. dxe5 Ne4 12. Rad1 Qe7 13. Be3 Rfd8 14. Qc2 c6 15. a3 f5 16. b4 h6 17. f3 Ng5 18. c5 bxc5 19. Bxc5 Qc7 20. Qd3 Rd7 21. h4 Nf7 22. f4 h5 23. e4 Nh6 24. exd5 cxd5 25. Rc1 Qd8 26. a4 Ng4 27. Qd4 a6 28. Bb6 Qe8 29. Rc5 Re7 30. Ra1 Rc8 31. Bf1 Qg6 32. Rxc8+ Bxc8 33. Ra3 Bb7 34. b5 axb5 35. Bxb5 Nh6 36. a5 Qg4 37. Kg2 Rf7 38. a6 Ba8 39. Rc3 Rf8 40. a7 Kh7 41. Rc2 Qg6 42. Be2 Ng4 43. Kg1 Qe8 44. Ba6 Qg6 45. Rc3 Nh6 46. Be2 Ng4 47. Rc7 Nh6 48. Kf2 Ng4+ 49. Ke1 Nh6 50. Rc3 Ng4 51. Qb4 Re8 52. Bb5 Rg8 53. Bd4 Nh6 54. Qe7 Ng4 55. Be2 Nh6 56. Kd2 Nf7 57. Rc7 Nd8 58. Qg5 Nc6 59. Bb6 d4 60. Bxh5 Qxg5 61. hxg5 Nb4 62. Bf7 Rh8 63. Rd7 Rc8 64. Rc7 Rh8 65. Bxe6 Be4 66. Rc8 1-0

[Event "EICC 2017"]
[Site "Minsk"]
[Date "2017.06.01"]
[Round "3"]
[White "Kovalenko, Igor"]
[Black "Mastrovasilis, Dimitrios"]
[Result "1/2-1/2"]
[WhiteElo "2657"]
[BlackElo "2580"]
[Annotator "TA"]
[PlyCount "120"]
[EventDate "2017.??.??"]
[EventCountry "BLR"]
[SourceTitle "playchess.com"]
[Source "ChessBase"]
[SourceQuality "1"]

1. c4 c6 2. Nf3 d5 3. e3 Bf5 4. cxd5 cxd5 5. Nc3 e6 6. Bb5+ Nc6 7. Qa4 Nge7 8. Nd4 Qd7 9. b3 Rc8 10. Ba3 a6 11. Bxc6 Nxc6 12. Bxf8 Kxf8 13. O-O h5 14. Rfc1 Rh6 15. Qa3+ Kg8 16. Nxf5 exf5 17. Ne2 d4 18. h3 dxe3 19. dxe3 Rd6 20. Nf4 g6 21. Rc4 Rd8 22. Rac1 Rd1+ 23. Kh2 Rxc1 24. Qxc1 Qd2 25. Qc2 h4 26. a3 Na5 27. Qxd2 Rxd2 28. Rc3 Rxf2 29. Nd3 Ra2 30. b4 Nc6 31. Kg1 Na7 32. Rc7 Nb5 33. Rxb7 Rxa3 34. Rd7 Nc3 35. Ne5 Ne4 36. Kf1 Ng5 37. Ke2 Ra2+ 38. Rd2 Ra3 39. Nf3 Nxf3 40. Kxf3 Ra4 41. Rd4 Kg7 42. Rxh4 a5 43. Rd4 Rxb4 44. Rd5 Ra4 45. Rd6 Ra1 46. Ra6 a4 47. e4 fxe4+ 48. Kxe4 a3 49. Kf4 Kh6 50. Kg4 Ra2 51. Kg3 Kg5 52. h4+ Kh6 53. Kh3 Ra1 54. g3 f5 55. Ra7 a2 56. Kg2 Kh5 57. Ra4 Kh6 58. Ra7 g5 59. hxg5+ Kxg5 60. Ra6 Kh5 1/2-1/2

[Event "EICC 2017"]
[Site "Minsk"]
[Date "2017.06.01"]
[Round "3"]
[White "Kravtsiv, Martyn"]
[Black "Ladva, Ottomar"]
[Result "1/2-1/2"]
[WhiteElo "2653"]
[BlackElo "2530"]
[Annotator "TA"]
[PlyCount "42"]
[EventDate "2017.??.??"]
[EventCountry "BLR"]
[SourceTitle "playchess.com"]
[Source "ChessBase"]
[SourceQuality "1"]

1. e4 e5 2. Nf3 Nf6 3. Nxe5 d6 4. Nf3 Nxe4 5. d4 d5 6. Bd3 Nc6 7. O-O Be7 8. c4 Nb4 9. cxd5 Nxd3 10. Qxd3 Qxd5 11. Re1 Bf5 12. g4 Bg6 13. Nc3 Nxc3 14. Qxc3 f6 15. Qxc7 O-O 16. Rxe7 Qxf3 17. Rxg7+ Kh8 18. Bh6 Qxg4+ 19. Qg3 Qxd4 20. Rxg6 hxg6 21. Bxf8 Rxf8 1/2-1/2

[Event "EICC 2017"]
[Site "Minsk"]
[Date "2017.06.01"]
[Round "3"]
[White "Mchedlishvili, Mikheil"]
[Black "Yeritsyan, Aram"]
[Result "1-0"]
[WhiteElo "2605"]
[BlackElo "2342"]
[Annotator "TA"]
[PlyCount "79"]
[EventDate "2017.??.??"]
[EventCountry "BLR"]
[SourceTitle "playchess.com"]
[Source "ChessBase"]
[SourceQuality "1"]

1. c4 Nf6 2. d4 e6 3. g3 d5 4. Bg2 dxc4 5. Nf3 Bd7 6. Ne5 Bc6 7. Nxc6 Nxc6 8. O-O Qd7 9. e3 Rd8 10. Qe2 e5 11. Qxc4 exd4 12. Qb5 Rb8 13. Rd1 a6 14. Qc4 Be7 15. Bxc6 Qxc6 16. Qxc6+ bxc6 17. Rxd4 O-O 18. Nd2 Rfd8 19. Rxd8+ Rxd8 20. Kf1 Bb4 21. Ke2 g5 22. Nc4 Rd5 23. h3 h5 24. a3 Bd6 25. Bd2 g4 26. hxg4 hxg4 27. Rc1 Ne4 28. Be1 f5 29. Nd2 Nc5 30. b4 Nd3 31. Rxc6 Nxe1 32. Kxe1 a5 33. e4 Rd4 34. bxa5 Ra4 35. exf5 Rxa3 36. Nc4 Bb4+ 37. Ke2 Ra2+ 38. Ke3 Bxa5 39. Nxa5 Rxa5 40. Ke4 1-0

[Event "EICC 2017"]
[Site "Minsk"]
[Date "2017.06.01"]
[Round "3"]
[White "Bok, Benjamin"]
[Black "Naiditsch, Arkadij"]
[Result "1/2-1/2"]
[WhiteElo "2598"]
[BlackElo "2700"]
[Annotator "TA"]
[PlyCount "36"]
[EventDate "2017.??.??"]
[EventCountry "BLR"]
[SourceTitle "playchess.com"]
[Source "ChessBase"]
[SourceQuality "1"]

1. e4 e5 2. Nf3 Nc6 3. Bb5 Nf6 4. O-O Nxe4 5. Re1 Nd6 6. Nxe5 Be7 7. Bf1 Nxe5 8. Rxe5 O-O 9. d4 Bf6 10. Re1 Re8 11. c3 Rxe1 12. Qxe1 Ne8 13. Bf4 d5 14. Bd3 g6 15. Nd2 c6 16. Nf3 Ng7 17. Qe2 Bf5 18. Bxf5 Nxf5 1/2-1/2

[Event "EICC 2017"]
[Site "Minsk"]
[Date "2017.06.01"]
[Round "3"]
[White "Can, Emre"]
[Black "Navara, David"]
[Result "0-1"]
[WhiteElo "2589"]
[BlackElo "2739"]
[Annotator "TA"]
[PlyCount "104"]
[EventDate "2017.??.??"]
[EventCountry "BLR"]
[SourceTitle "playchess.com"]
[Source "ChessBase"]
[SourceQuality "1"]

1. d4 Nf6 2. c4 g6 3. Nc3 d5 4. Nf3 Bg7 5. Qb3 dxc4 6. Qxc4 O-O 7. e4 a6 8. Be2 b5 9. Qb3 c5 10. dxc5 Be6 11. Qc2 Nbd7 12. Be3 Rc8 13. Rd1 b4 14. Nd5 Bxd5 15. exd5 Nxc5 16. O-O Qd6 17. Qc4 Nce4 18. Qxa6 Rc2 19. Bd4 Nc5 20. Qxd6 exd6 21. Bb5 Nfe4 22. Ne1 Rd2 23. Nf3 Rxd1 24. Rxd1 Ra8 25. Bc4 Na4 26. Bxg7 Kxg7 27. Rd4 Nec5 28. Bb3 Nxb2 29. Rxb4 Nxb3 30. Rxb3 Rxa2 31. h3 Nd1 32. Ng5 Rxf2 33. Rd3 Nb2 34. Rb3 Rf5 35. Nxf7 Kxf7 36. Rxb2 Kf6 37. Rb5 h5 38. g3 Ke5 39. Kg2 Ke4 40. Rb4+ Kxd5 41. Rb1 Rf6 42. g4 hxg4 43. hxg4 Kc5 44. Rc1+ Kd4 45. Kg3 d5 46. g5 Re6 47. Kf4 Re4+ 48. Kg3 Ke5 49. Rf1 d4 50. Rf8 d3 51. Re8+ Kd4 52. Rg8 Ke5 0-1

[Event "EICC 2017"]
[Site "Minsk"]
[Date "2017.06.01"]
[Round "3"]
[White "Potkin, Vladimir"]
[Black "Molchanov, Oleksii"]
[Result "1/2-1/2"]
[WhiteElo "2588"]
[BlackElo "2334"]
[Annotator "TA"]
[PlyCount "115"]
[EventDate "2017.??.??"]
[EventCountry "BLR"]
[SourceTitle "playchess.com"]
[Source "ChessBase"]
[SourceQuality "1"]

1. c4 Nf6 2. Nc3 e5 3. Nf3 Nc6 4. g3 Nd4 5. Bg2 Nxf3+ 6. Bxf3 Bb4 7. Qb3 Bc5 8. O-O O-O 9. Na4 Bd6 10. Rd1 Qe7 11. d4 exd4 12. Rxd4 Be5 13. Rd1 Re8 14. Bg2 c6 15. e4 Bc7 16. Nc3 Ng4 17. h3 Ne5 18. Be3 d6 19. f4 Nd7 20. Qc2 a5 21. Rd2 Nc5 22. Re1 Qf8 23. b3 f6 24. Bf2 Be6 25. Ne2 f5 26. Nd4 Nxe4 27. Bxe4 fxe4 28. Nxe6 Rxe6 29. Rxe4 Rxe4 30. Qxe4 Re8 31. Qf3 Qe7 32. Kg2 g6 33. Qd3 Qe6 34. g4 Kf7 35. Kf3 Qf6 36. Qd4 Qe6 37. Bg3 Bb6 38. Qd3 Qf6 39. Bf2 Bxf2 40. Rxf2 Qa1 41. Kg2 Re1 42. f5 Rg1+ 43. Kf3 Qe5 44. fxg6+ hxg6 45. Qe3 Rg3+ 46. Ke2+ Ke6 47. Qxe5+ Kxe5 48. Rf7 Rxh3 49. Rxb7 a4 50. Re7+ Kd4 51. Re6 Rh2+ 52. Kf3 a3 53. Rxd6+ Kc5 54. Rxg6 Rxa2 55. b4+ Kxc4 56. Rxc6+ Kb5 57. Rc1 Kxb4 58. Ke4 1/2-1/2

[Event "EICC 2017"]
[Site "Minsk"]
[Date "2017.06.01"]
[Round "3"]
[White "Antipov, Mikhail Al"]
[Black "Sutovsky, Emil"]
[Result "1/2-1/2"]
[WhiteElo "2576"]
[BlackElo "2646"]
[Annotator "TA"]
[PlyCount "38"]
[EventDate "2017.??.??"]
[EventCountry "BLR"]
[SourceTitle "playchess.com"]
[Source "ChessBase"]
[SourceQuality "1"]

1. Nf3 Nf6 2. c4 g6 3. g3 Bg7 4. Bg2 O-O 5. O-O c5 6. d4 cxd4 7. Nxd4 d5 8. cxd5 Nxd5 9. Nc3 Nxc3 10. bxc3 Nc6 11. Nxc6 bxc6 12. Be3 Bg4 13. Bd4 e5 14. Bc5 Qxd1 15. Rfxd1 Rfc8 16. Rd2 Bf8 17. Be3 Rab8 18. Bxa7 Ra8 19. Be3 Ra3 1/2-1/2

[Event "EICC 2017"]
[Site "Minsk"]
[Date "2017.06.01"]
[Round "3"]
[White "Palac, Mladen"]
[Black "Lupulescu, Constantin"]
[Result "1/2-1/2"]
[WhiteElo "2573"]
[BlackElo "2631"]
[Annotator "TA"]
[PlyCount "31"]
[EventDate "2017.??.??"]
[EventCountry "BLR"]
[SourceTitle "playchess.com"]
[Source "ChessBase"]
[SourceQuality "1"]

1. e4 c5 2. Nf3 Nc6 3. Bb5 g6 4. Bxc6 dxc6 5. d3 Bg7 6. h3 Nf6 7. Nc3 O-O 8. a4 a5 9. Be3 b6 10. Bf4 Nd7 11. Qd2 Re8 12. g4 e5 13. Bg5 f6 14. Bh6 Nf8 15. Bxg7 Kxg7 16. Ne2 1/2-1/2

[Event "EICC 2017"]
[Site "Minsk"]
[Date "2017.06.01"]
[Round "3"]
[White "Aleksandrov, Aleksej"]
[Black "Moiseenko, Alexander"]
[Result "1-0"]
[WhiteElo "2559"]
[BlackElo "2677"]
[Annotator "TA"]
[PlyCount "69"]
[EventDate "2017.??.??"]
[EventCountry "BLR"]
[SourceTitle "playchess.com"]
[Source "ChessBase"]
[SourceQuality "1"]

1. d4 Nf6 2. c4 e6 3. Nc3 Bb4 4. Qc2 d5 5. cxd5 exd5 6. Bg5 h6 7. Bh4 c5 8. dxc5 g5 9. Bg3 Ne4 10. e3 Qa5 11. Nge2 Bf5 12. Bxb8 Rxb8 13. Nd4 Bg6 14. Bb5+ Kf8 15. Bd3 Nxc3 16. O-O Ne4 17. a3 Bxc5 18. b4 Bxb4 19. axb4 Qxb4 20. Rfb1 Qd6 21. f3 Nf6 22. Bxg6 fxg6 23. Rxa7 Qe7 24. Qc1 Kf7 25. Nc6 bxc6 26. Rxe7+ Kxe7 27. Qc5+ Ke6 28. Qxc6+ Ke7 29. Qc5+ Ke6 30. Qc6+ Ke7 31. Ra1 Rhd8 32. Ra6 Rb1+ 33. Kf2 Rb2+ 34. Kg3 Nh5+ 35. Kh3 1-0

[Event "EICC 2017"]
[Site "Minsk"]
[Date "2017.06.01"]
[Round "3"]
[White "Podolchenko, Evgeniy"]
[Black "Salgado Lopez, Ivan"]
[Result "1/2-1/2"]
[WhiteElo "2398"]
[BlackElo "2627"]
[Annotator "TA"]
[PlyCount "118"]
[EventDate "2017.??.??"]
[EventCountry "BLR"]
[SourceTitle "playchess.com"]
[Source "ChessBase"]
[SourceQuality "1"]

1. d4 Nf6 2. c4 g6 3. Nc3 d5 4. Bf4 Bg7 5. e3 O-O 6. Rc1 dxc4 7. Bxc4 Nbd7 8. Nf3 Nh5 9. Bg5 h6 10. Bh4 g5 11. Bg3 Nxg3 12. hxg3 e6 13. a3 c5 14. Qe2 g4 15. Nd2 cxd4 16. exd4 Nf6 17. Nb3 a5 18. a4 b6 19. O-O Bb7 20. Rfd1 Qd6 21. Na1 Rac8 22. Nb5 Qd7 23. b3 h5 24. Nc2 Nd5 25. Ne3 Bh6 26. Bxd5 Bxd5 27. Nxd5 Qxd5 28. Rc4 Rfd8 29. Qc2 Rxc4 30. bxc4 Rc8 31. Na3 Qd6 32. Qd3 Qb4 33. Rb1 Qd2 34. Qxd2 Bxd2 35. d5 Bb4 36. Nb5 Rxc4 37. d6 Kf8 38. Rd1 Ke8 39. d7+ Kd8 40. Nd6 Bxd6 41. Rxd6 Rxa4 42. Rxb6 Ra1+ 43. Kh2 Rf1 44. Rb2 Kxd7 45. Ra2 a4 46. Rxa4 Rxf2 47. Ra1 Rf5 48. Re1 e5 49. Re2 Ke6 50. Re1 Kd5 51. Rd1+ Kc4 52. Rf1 Rg5 53. Rxf7 e4 54. Kg1 Kd3 55. Kf2 Rd5 56. Ra7 e3+ 57. Ke1 Rd4 58. Ra8 Rd5 59. Ra7 Ra5 1/2-1/2

[Event "EICC 2017"]
[Site "Minsk"]
[Date "2017.06.01"]
[Round "3"]
[White "Bartel, Michal"]
[Black "Kryakvin, Dmitry"]
[Result "0-1"]
[WhiteElo "2361"]
[BlackElo "2560"]
[Annotator "TA"]
[PlyCount "89"]
[EventDate "2017.??.??"]
[EventCountry "BLR"]
[SourceTitle "playchess.com"]
[Source "ChessBase"]
[SourceQuality "1"]

1. e4 c5 2. Nf3 e6 3. d4 cxd4 4. Nxd4 Nc6 5. Nc3 d6 6. Nb3 Nf6 7. Bd3 Be7 8. O-O O-O 9. f4 a5 10. a4 e5 11. f5 Nb4 12. Bc4 Qc7 13. Bd5 Bd7 14. Be3 Rfc8 15. Rf2 Nbxd5 16. Nxd5 Nxd5 17. Qxd5 Qc6 18. Nc1 Qxd5 19. exd5 Bf6 20. Ra2 e4 21. Kf1 b5 22. axb5 Bxb5+ 23. Kg1 a4 24. Rd2 h5 25. Ne2 Bc4 26. b3 axb3 27. Rxa8 Rxa8 28. cxb3 Bxb3 29. Bf4 Bc4 30. Kf2 Ra3 31. Ng3 Bc3 32. Nxe4 Bxd2 33. Nxd2 Ra2 34. Ke3 Bxd5 35. g3 Ra6 36. Kd4 Bb7 37. Nc4 Ra4 38. Kc3 d5 39. Nb6 d4+ 40. Kd3 Rb4 41. Nd7 Ba6+ 42. Ke4 d3+ 43. Ke3 Rb2 44. Nc5 d2 45. Kd4 0-1

[Event "EICC 2017"]
[Site "Minsk"]
[Date "2017.06.02"]
[Round "4"]
[White "Demchenko, Anton"]
[Black "Theodorou, Nikolas"]
[Result "1-0"]
[WhiteElo "2629"]
[BlackElo "2495"]
[Annotator "TA"]
[PlyCount "119"]
[EventDate "2017.??.??"]
[EventCountry "BLR"]
[SourceTitle "playchess.com"]
[Source "ChessBase"]
[SourceQuality "1"]

1. e4 c5 2. Nf3 d6 3. Bb5+ Nd7 4. d4 cxd4 5. Qxd4 e5 6. Qd3 h6 7. Nc3 Ngf6 8. Be3 Be7 9. O-O O-O 10. Bc4 a6 11. a4 Qc7 12. Nh4 Nc5 13. Bxc5 Qxc5 14. Ng6 Re8 15. Nxe7+ Rxe7 16. Rfd1 Be6 17. Bxe6 Rxe6 18. Ra3 Rd8 19. Rb3 Re7 20. h3 Red7 21. Qe2 Rc8 22. Rd2 Rcc7 23. Qf3 Qa5 24. Qf5 Rc4 25. Rd3 Qd8 26. Qf3 Qa5 27. Qe3 Qc5 28. Qxc5 Rxc5 29. f3 Kf8 30. Kf2 Ke7 31. Rb6 Rc6 32. Rxc6 bxc6 33. Na2 Rb7 34. b4 Nd7 35. Rb3 Nb6 36. a5 Nc4 37. Ke2 d5 38. Nc3 Kd6 39. Kd3 g6 40. exd5 cxd5 41. b5 Nxa5 42. Ra3 Nc4 43. bxa6 Rb8 44. Rb3 Ra8 45. Rb5 Kc6 46. Nxd5 Kxb5 47. Nc7+ Kc6 48. Nxa8 Nd6 49. c4 f5 50. h4 Nc8 51. Kc3 Nd6 52. Kd3 Nc8 53. Kc2 Nd6 54. Kc3 g5 55. h5 g4 56. fxg4 fxg4 57. Kd3 g3 58. Nb6 e4+ 59. Kd4 e3 60. a7 1-0

[Event "EICC 2017"]
[Site "Minsk"]
[Date "2017.06.02"]
[Round "4"]
[White "Fridman, Daniel"]
[Black "Rodshtein, Maxim"]
[Result "1/2-1/2"]
[WhiteElo "2605"]
[BlackElo "2698"]
[Annotator "TA"]
[PlyCount "46"]
[EventDate "2017.??.??"]
[EventCountry "BLR"]
[SourceTitle "playchess.com"]
[Source "ChessBase"]
[SourceQuality "1"]

1. Nf3 Nf6 2. c4 c5 3. Nc3 Nc6 4. g3 d5 5. d4 e6 6. cxd5 Nxd5 7. Bg2 Be7 8. O-O O-O 9. Nxd5 exd5 10. dxc5 Bxc5 11. a3 Bf5 12. b4 Bb6 13. Bb2 Be4 14. Qd2 Qe7 15. Rfd1 Rad8 16. Rac1 a6 17. e3 f6 18. Bc3 Ne5 19. Nxe5 Bxg2 20. Ng6 Qe4 21. Nh4 Bh3 22. Bd4 Bxd4 23. exd4 Rc8 1/2-1/2

[Event "EICC 2017"]
[Site "Minsk"]
[Date "2017.06.02"]
[Round "4"]
[White "Beliavsky, Alexander G"]
[Black "Kjartansson, Gudmundur"]
[Result "1-0"]
[WhiteElo "2589"]
[BlackElo "2437"]
[Annotator "TA"]
[PlyCount "120"]
[EventDate "2017.??.??"]
[EventCountry "BLR"]
[SourceTitle "playchess.com"]
[Source "ChessBase"]
[SourceQuality "1"]

1. d4 d5 2. c4 c6 3. Nf3 Nf6 4. e3 Bg4 5. Nc3 e6 6. h3 Bf5 7. g4 Bg6 8. Nh4 Nbd7 9. Qb3 Qb6 10. Nxg6 hxg6 11. Bg2 Bd6 12. c5 Qxb3 13. axb3 Be7 14. b4 b5 15. g5 Nh7 16. h4 f5 17. Ne2 Bd8 18. Bd2 Bc7 19. Bc3 a6 20. f3 Kf7 21. e4 Ra7 22. Kf2 Rha8 23. Ra3 Nhf8 24. e5 Nh7 25. Nf4 Ndf8 26. Rha1 Bd8 27. Bf1 Bc7 28. Bd3 Bd8 29. Bd2 Kg8 30. Ke2 Kf7 31. Rh1 Bc7 32. Raa1 a5 33. Rag1 axb4 34. h5 Ra2 35. hxg6+ Nxg6 36. Rxh7 Nxf4+ 37. Bxf4 Rxb2+ 38. Ke3 Kg6 39. Rh6+ gxh6 40. gxh6+ Kh5 41. Rg5+ Kh4 42. Rg1 Kh5 43. h7 Rh8 44. Rh1+ Kg6 45. Rh6+ Kg7 46. Rxe6 Rxh7 47. Rxc6 Bd8 48. e6 Rh1 49. Be5+ Bf6 50. Kf4 Rh4+ 51. Kxf5 Rh5+ 52. Kf4 Bxe5+ 53. dxe5 Rbh2 54. Rc7+ Kg8 55. Bf5 R2h4+ 56. Bg4 Kf8 57. c6 Rh7 58. Rd7 Rxd7 59. exd7 Ke7 60. e6 Kd8 1-0

[Event "EICC 2017"]
[Site "Minsk"]
[Date "2017.06.02"]
[Round "4"]
[White "Azarov, Sergei"]
[Black "Fedoseev, Vladimir"]
[Result "1/2-1/2"]
[WhiteElo "2582"]
[BlackElo "2690"]
[Annotator "TA"]
[PlyCount "131"]
[EventDate "2017.??.??"]
[EventCountry "BLR"]
[SourceTitle "playchess.com"]
[Source "ChessBase"]
[SourceQuality "1"]

1. e4 c5 2. Nf3 d6 3. d4 cxd4 4. Nxd4 Nf6 5. Nc3 a6 6. Bg5 Nbd7 7. f4 Qc7 8. Be2 e6 9. O-O Be7 10. Kh1 b5 11. Bf3 Bb7 12. Bxf6 Nxf6 13. e5 dxe5 14. fxe5 Nd7 15. Bxb7 Qxb7 16. Qg4 b4 17. Qxg7 Rf8 18. Nce2 Qe4 19. Rf4 Qg6 20. Qxg6 hxg6 21. Nf3 a5 22. Rd1 Rc8 23. c4 bxc3 24. Nxc3 Nb6 25. Rfd4 Rh8 26. h3 Kf8 27. Rf1 Kg7 28. Rf4 Nc4 29. Nd1 Rhf8 30. h4 Rc5 31. Re4 Rfc8 32. g3 Kg8 33. Re2 Rd8 34. b3 Nb6 35. Nf2 Rdc8 36. Ng4 Kg7 37. Kg2 Nd5 38. Ref2 Rc2 39. Rxc2 Rxc2+ 40. Rf2 Rc3 41. Kh3 Bd8 42. Ng5 Bxg5 43. hxg5 Ne7 44. Kg2 Nc6 45. Rf4 Rc2+ 46. Kf1 Rc1+ 47. Kg2 Kf8 48. Rc4 Rxc4 49. bxc4 Nb4 50. a3 Nc2 51. a4 Ke7 52. Kf3 Nd4+ 53. Ke4 Nb3 54. Nh6 Nc5+ 55. Kd4 Nxa4 56. c5 Nb2 57. c6 a4 58. Nxf7 a3 59. Nd6 a2 60. c7 a1=Q 61. c8=Q Na4+ 62. Ke4 Qe1+ 63. Kf4 Qf2+ 64. Kg4 Qe2+ 65. Kf4 Qf2+ 66. Ke4 1/2-1/2